Представление документа в формате MARC21

Поле Инд. ПП Название Значение
Тип записи m
Библиографический уровень m
001 Контрольный номер 7e0e67b369e34fe58291d60f1a53c705
005 Дата корректировки 20180926140944.4
008 Кодируемые данные 161230|||||||||ru |||||||||||||||||rus||
041 0_ a Код языка текста rus
084 a Индекс другой классификации/Индекс ББК 26.3
090 x Авторский знак Е 16
100 1_ a Автор Евзеров В. Я.
245 10 a Заглавие Геология четвертичных отложений Кольского региона
b Продолж. заглавия [монография]
c Ответственность Федер. агентство по рыболовству, ФГБОУ ВПО "Мурман. гос. техн. ун-т", ФГБУН Геол. ин-т КНЦ РАН
h Физич. носитель Электронный ресурс
256 a Характеристики компьютерного файла Электрон. текстовые дан. (1 файл : 61,4 Мб)
260 a Место издания Мурманск
b Издательство Изд-во МГТУ
c Дата издания 2016
500 a Примечание Доступ из локальной сети Мурман. гос. техн. ун-та. - Загл. с экрана. - Имеется печ. аналог 2016 г.
583 x Служебное примечание Труды преподавателей МГТУ
x Служебное примечание Полнотекстовые документы
650 04 a Основная рубрика Геология-Кольский регион-Монографии
651 _4 a Географическое наименование Кольский регион
653 0_ a Ключевые слова Геология; Геология Кольского региона; Горные ледники; Континентальные отложения; Монографии; Морские трансгрессии; Неоплейстоцен; Поздний неоплейстоцен; Средний неоплейстоцен; Стратиграфия Кольского региона; Труды преподавателей МГТУ; Электронные версии
710 12 a Организация/ юрисдикция Мурманский государственный технический университет
856 40 u URL https://elib.mauniver.ru/2016/MN_16_1.pdf
901 t Тип документа m
952 c Вид литературы монография